| 000 | 00608nam a2200217 a 4500 | ||
|---|---|---|---|
| 005 | 20191224041820.0 | ||
| 008 | 160415b xxu||||| |||| 00| 0 spa d | ||
| 040 |
_aCO-BoIAVH _cCO-BoIAVH |
||
| 041 | _aspa | ||
| 044 | _ack | ||
| 090 |
_aFG- _b0038 |
||
| 100 | 1 |
_aRivera A., Marta Cecilia _952914 |
|
| 245 | 1 | _aManual y guía técnica pesquera complejo Cenagoso El Sapo | |
| 260 |
_aNechí (Colombia) _bFundación Montañas _c2005 |
||
| 300 | _a31 paginas | ||
| 650 | 1 | 4 |
_aEspecies Ícticas _927727 |
| 650 | 1 | 4 |
_aHumedales _965402 |
| 650 | 1 | 4 |
_aCienagas _94279 |
| 942 |
_cFolleto _2z |
||
| 945 | _d2007-11-19 | ||
| 999 |
_c5934 _d5934 |
||